000 00582nam a2200229Ia 4500
003 OSt
005 20220924145930.0
006 a|||||r|||| 00| 0
007 ta
008 220923b |||||||| |||| 00| 0 tel d
024 _a330931
037 _cTextual
040 _aARTS
_cARTS
_btel
041 _2tel
_atel
082 _aO31,1C92:g, K41
100 _aRamakrishnan
_9220888
245 0 _aIlankovin pattira padaippu
260 _c1964
650 _aTAMIL LITERATURE
942 _hO31,1C92:g, K41
_cTEXL
_2CC
999 _c461662
_d461662